L´Ingegnoso Cittadino Don Chisciotte della Mancia (Record no. 3166)

MARC details
000 -CABECERA
campo de control de longitud fija 02292nam a2200325 a 4500
001 - NÚMERO DE CONTROL
campo de control BRCA_3430
005 - FECHA Y HORA DE LA ÚLTIMA TRANSACCIÓN
campo de control 20190320204258.0
041 ## - CÓDIGO DE LENGUA
Código de lengua del texto/banda sonora o título independiente ita
044 ## - CÓDIGO DEL PAÍS DE LA ENTIDAD EDITORA/PRODUCTORA
Código MARC del país it
084 ## - OTRO NÚMERO DE CLASIFICACIÓN
Número de clasificación 719
Número de documento/Ítem .C678
-- 1677
100 1# - ENTRADA PRINCIPAL--NOMBRE DE PERSONA
Nombre de persona Cervantes Saavedra, Miguel de
Fechas asociadas al nombre 1547-1616
9 (RLIN) 213
245 10 - MENCIÓN DE TÍTULO
Título L´Ingegnoso Cittadino Don Chisciotte della Mancia
Mención de responsabilidad, etc. Composto da Michel di Cervantes Saavedra et hora nuouamente tradotto con fedeltá e chiarezza, di Spagnolo, in Italiano da Lorenzo Franciosini Fiorentino.
250 ## - MENCIÓN DE EDICIÓN
Mención de edición 3
260 ## - PUBLICACIÓN, DISTRIBUCIÓN, ETC.
Lugar de publicación, distribución, etc. Roma
Nombre del editor, distribuidor, etc. Stamperia di Giuseppe Coruo : Bartolomeo Lupardi
Fecha de publicación, distribución, etc. 1677
300 ## - DESCRIPCIÓN FÍSICA
Extensión 2 v.
Otras características físicas il.
Dimensiones 16 cm.
500 ## - NOTA GENERAL
Nota general Contenido : v.1. Primera parte. Licencias de las autoridades aclesiasticas. Advertencia de los impresores. Advertencia del traductor. Prólogo de Cervantes. -- v.2. Segunda parte. Licencias de la primera parte. Advertencia de los impresores del tomo 1
500 ## - NOTA GENERAL
Nota general Edición : Con una Tavola ordinatiffina per trouar facilmente á ogni capitolo gli ftrauaganti fu ccetti, e l´heroiche brauure di quefto gran Cavaliero. Aggiuntevi in questa nuoa impressione 8 figure di Rame, e il principio
500 ## - NOTA GENERAL
Nota general Tercera edición impresa en italiano, pero la segunda que comprende ambas partes. La primera parte es copia de la edición príncipe italiana de 1622, puesto que como aquélla suprime la dedicatoria de Cervantes y los versos preliminares, y conserva todas las demás poesías escritas en español. La segunda, en cambio, sigue a la edición de 1625 suprimiendo también la dedicatoria y el prólogo de Cervantes, y tiene los versos intercalados en el texto, traducidos al italiano. Va adornada con las láminas de la edición española de Bruselas (1662), atribuidas a Bouttats. Piel; lomos decorados con filetes dorados Lúdovik Osterc
500 ## - NOTA GENERAL
Nota general Estado físico : Al ejemplar le falta el vol. 2
500 ## - NOTA GENERAL
Nota general QM539
546 ## - NOTA DE LENGUA/LENGUAJE
Nota de lengua/lenguaje Texto en : italiano
650 14 - PUNTO DE ACCESO ADICIONAL DE MATERIA--TÉRMINO DE MATERIA
Término de materia o nombre geográfico como elemento de entrada Novela española
Subdivisión cronológica Época clásica, 1500-1700
9 (RLIN) 215
650 14 - PUNTO DE ACCESO ADICIONAL DE MATERIA--TÉRMINO DE MATERIA
Término de materia o nombre geográfico como elemento de entrada Literatura española
Subdivisión cronológica Época clásica, 1500-1700
9 (RLIN) 216
650 14 - PUNTO DE ACCESO ADICIONAL DE MATERIA--TÉRMINO DE MATERIA
Término de materia o nombre geográfico como elemento de entrada Novela española
Subdivisión cronológica Siglo XVII
9 (RLIN) 217
650 14 - PUNTO DE ACCESO ADICIONAL DE MATERIA--TÉRMINO DE MATERIA
Término de materia o nombre geográfico como elemento de entrada Don Quijote (Personaje ficticio)
Término indicativo de función/relación Novela
9 (RLIN) 218
700 1# - PUNTO DE ACCESO ADICIONAL--NOMBRE DE PERSONA
Nombre de persona Franciosini Fiorentino, Lorenzo
Término indicativo de función/relación Traductor
9 (RLIN) 8990
740 0# - PUNTO DE ACCESO ADICIONAL--TÍTULO RELACIONADO O ANALÍTICO NO CONTROLADO
Título relacionado o analítico no controlado El Ingenioso Hidalgo Don Quijote de la Mancha
902 ## - CATALOGADOR
Iniciales QFM
942 ## - ELEMENTOS DE PUNTO DE ACCESO ADICIONAL (KOHA)
Fuente del sistema de clasificación o colocación Library of Congress Classification
Tipo de ítem Koha Libros
Holdings
Estado de retiro Estado de pérdida Estado dañado No para préstamo Localización permanente Ubicación/localización actual Fecha de adquisición Número de inventario Total de préstamos Signatura topográfica completa Código de barras Fecha visto por última vez Precio válido a partir de Tipo de ítem Koha
El ejemplar forma parte de la colección y puede ser consultado según las políticas vigentes.       Biblioteca del Museo Franz Mayer (Rogerio Casas-Alatriste) Biblioteca del Museo Franz Mayer (Rogerio Casas-Alatriste) 13/04/2009 QM539   719 .C678 1677 (QM539) 3427 22/03/2019 22/03/2019 Libros